La Cruz roja y la paz
Đã lưu trong:
| Tác giả chính: | |
|---|---|
| Định dạng: | Sách |
| Ngôn ngữ: | Tiếng Tây Ban Nha |
| Được phát hành: |
Ginebra
Comité Internacional de la Cruz Roja
1951
|
| Những chủ đề: | |
| Các nhãn: |
Thêm thẻ
Không có thẻ, Là người đầu tiên thẻ bản ghi này!
|
MARC
| LEADER | 00000nam a2200000 a 4500 | ||
|---|---|---|---|
| 001 | UCT9512 | ||
| 003 | CL-VaPUC | ||
| 008 | 970404e19510000SZ |||||||||||||||||spa|d | ||
| 082 | 0 | 4 | |a 341.6 |b LOS |2 21 |
| 100 | |a Lossier, Jean-G |e autor |9 382302 | ||
| 245 | 1 | 3 | |a La Cruz roja y la paz |
| 300 | |a 36 p | ||
| 942 | |c BK | ||
| 945 | |d 19970404 00:00:00 |a lriquelm | ||
| 260 | |a Ginebra |b Comité Internacional de la Cruz Roja |c 1951 | ||
| 650 | 7 | |a CRUZ ROJA |2 CL-VaPUC |9 382303 | |
| 650 | 7 | |a COMITE INTERNACIONAL DE LA CRUZ ROJA |2 CL-VaPUC |9 382304 | |
| 650 | 0 | |a Evolución |9 259442 | |
| 650 | 0 | |a Paz |9 259242 | |
| 650 | 0 | |a Ética |9 255099 | |
| 650 | 0 | |a Guerra |9 255876 | |
| 583 | |a last modification |c 19970404 00:00:00 |k Rodrigo Vera | ||
| 999 | |c 257912 |d 257910 | ||
| 952 | |0 0 |1 0 |2 ddc |4 0 |6 341_600000000000000_LOS_1951 |7 0 |8 A |9 281631 |a BIBDER |b BIBDER |d 2019-11-19 |i 1822713 |o 341.6 LOS 1951 |p 1822713 |r 2023-01-25 |w 2019-11-19 |y BK |k DER | ||